Phát triển bền vững

Bài giảng xoay quanh các vấn đề: Định nghĩa phát triển bền vững; định hướng chiến lược phát triển bền vững ở Việt Nam; phát triển kinh tế, xã hội môi trường bền vững...

সংরক্ষণ করুন:
গ্রন্থ-পঞ্জীর বিবরন
প্রধান লেখক: Nguyễn, Chí Quang
অন্যান্য লেখক: Viện Khoa học và Công nghệ môi trường
বিন্যাস: গ্রন্থ
ভাষা:Undetermined
বিষয়গুলি:
অনলাইন ব্যবহার করুন:http://lrc.tdmu.edu.vn/opac/search/detail.asp?aID=2&ID=24103
ট্যাগগুলো: ট্যাগ যুক্ত করুন
কোনো ট্যাগ নেই, প্রথমজন হিসাবে ট্যাগ করুন!
Thư viện lưu trữ: Trung tâm Học liệu Trường Đại học Thủ Dầu Một
LEADER 00913nam a2200181Ia 4500
001 TDMU_24103
008 210410s9999 xx 000 0 und d
082 |a 338.927 
090 |b NG527 
100 |a Nguyễn, Chí Quang 
245 0 |a Phát triển bền vững 
245 0 |c Nguyễn Chí Quang 
300 |a 21 tr 
520 |a Bài giảng xoay quanh các vấn đề: Định nghĩa phát triển bền vững; định hướng chiến lược phát triển bền vững ở Việt Nam; phát triển kinh tế, xã hội môi trường bền vững... 
650 |a Kinh tế  |x Phát triển bền vững  |v Bài giảng 
700 |a Viện Khoa học và Công nghệ môi trường 
856 |u http://lrc.tdmu.edu.vn/opac/search/detail.asp?aID=2&ID=24103 
980 |a Trung tâm Học liệu Trường Đại học Thủ Dầu Một